000 00509nam a2200193 4500
003 LK-CoMWRAF
005 20231115112520.0
008 230901b2009 |||||||| |||| 00| 0 eng d
020 _a9789558328057
040 _aLK-CoMWRAF
_dLK-CoMWRAF
_eLK-CoMWRAF
041 _aeng
082 _a362.29
_bSAM
100 _aSamarasinghe, Diyanath
245 _aOh, go on - have one more
260 _aHendala :
_bNest Kare House,
_c2009
300 _av. 104p.
_bBibliography included
650 _aALCOHOL
942 _cBK
999 _c3350
_d3350